<?xml version="1.0" encoding="UTF-8"?>
<record
    xmlns:xsi="http://www.w3.org/2001/XMLSchema-instance"
    xsi:schemaLocation="http://www.loc.gov/MARC21/slim http://www.loc.gov/standards/marcxml/schema/MARC21slim.xsd"
    xmlns="http://www.loc.gov/MARC21/slim">

  <leader>01730nas a2200277Ia 4500</leader>
  <controlfield tag="001">R235-R2433</controlfield>
  <controlfield tag="003">IT-CnALBA</controlfield>
  <controlfield tag="008">170116c99999999xx ||||||||||||   ||und||</controlfield>
  <datafield tag="040" ind1=" " ind2=" ">
    <subfield code="a">IT-CnALBA</subfield>
    <subfield code="c">IT-CnALBA</subfield>
  </datafield>
  <datafield tag="041" ind1=" " ind2=" ">
    <subfield code="a">ITALIANO</subfield>
  </datafield>
  <datafield tag="100" ind1=" " ind2=" ">
    <subfield code="a">GRIGNON DE-MONTFORT LUIGI, SANTO.</subfield>
  </datafield>
  <datafield tag="210" ind1=" " ind2=" ">
    <subfield code="a">MADRE DI DIO</subfield>
  </datafield>
  <datafield tag="222" ind1=" " ind2=" ">
    <subfield code="a">MADRE DI DIO</subfield>
  </datafield>
  <datafield tag="245" ind1=" " ind2="0">
    <subfield code="a">MADRE DI DIO. N. XII ANNO LVII DICEMBRE 1990 MENSILE MARIANO </subfield>
  </datafield>
  <datafield tag="250" ind1=" " ind2=" ">
    <subfield code="a">1a ed.</subfield>
  </datafield>
  <datafield tag="260" ind1=" " ind2=" ">
    <subfield code="a">CINISELLO BALSAMO (MI)</subfield>
    <subfield code="b">EDIZIONI PAOLINE</subfield>
    <subfield code="c">1990</subfield>
  </datafield>
  <datafield tag="300" ind1=" " ind2=" ">
    <subfield code="a">36 p. </subfield>
  </datafield>
  <datafield tag="310" ind1=" " ind2=" ">
    <subfield code="a">MENSILE</subfield>
  </datafield>
  <datafield tag="362" ind1=" " ind2=" ">
    <subfield code="a">Fascicolo: 12 / Anno: 57 (1990)</subfield>
  </datafield>
  <datafield tag="500" ind1=" " ind2=" ">
    <subfield code="a">NATALE. SIGNIFICATO DEL TOTUS TUUS. PELLEGRINI DELL'EST A FATIMA. IMMACOLATA MERAVIGLIA DI DIO. JOHN HENRY NEWMAN MADRE DI DIO. AFFIDAMENTO DI GENOVA ALLA VERGINE. PRETE AL SERVIZIO DI CRISTO. VITA DI GES&#xD9; DA MARIA. RESTAURI A S. MARIA MAGGIORE. MAGNIFICAT E CHIESA IN CAMMINO, LETTURA DELLA MADRE DEL REDENTORE. VALENINI A. SANTUARIO DI JADDICO, BRINDISI. DEL SORDO A. MARIANUM SIIMBOSIO DI MARIOLOGIA. PALTRO P. BILANCIA DELLA SALVEZZA, RACCONTO MARIANO. </subfield>
  </datafield>
  <datafield tag="501" ind1=" " ind2=" ">
    <subfield code="a">Societ&#xE0; San Paolo EM - Piazza San Paolo, 14 - 12051 ALBA (CN)  (non commercial uses only) &#xAE; Copyright 2017</subfield>
  </datafield>
  <datafield tag="520" ind1=" " ind2=" ">
    <subfield code="a">NATALE. SIGNIFICATO DEL TOTUS TUUS. PELLEGRINI DELL'EST A FATIMA. IMMACOLATA MERAVIGLIA DI DIO. JOHN HENRY NEWMAN MADRE DI DIO. AFFIDAMENTO DI GENOVA ALLA VERGINE. PRETE AL SERVIZIO DI CRISTO. VITA DI GES&#xD9; DA MARIA. RESTAURI A S. MARIA MAGGIORE. MAGNIFICAT E CHIESA IN CAMMINO, LETTURA DELLA MADRE DEL REDENTORE. VALENINI A. SANTUARIO DI JADDICO, BRINDISI. DEL SORDO A. MARIANUM SIIMBOSIO DI MARIOLOGIA. PALTRO P. BILANCIA DELLA SALVEZZA, RACCONTO MARIANO. </subfield>
  </datafield>
  <datafield tag="650" ind1=" " ind2=" ">
    <subfield code="a">ANGELI SANTI DEMONI</subfield>
  </datafield>
  <datafield tag="942" ind1=" " ind2=" ">
    <subfield code="c">CR</subfield>
  </datafield>
  <datafield tag="957" ind1=" " ind2=" ">
    <subfield code="7">1</subfield>
  </datafield>
  <datafield tag="999" ind1=" " ind2=" ">
    <subfield code="a">12411</subfield>
    <subfield code="b">NO</subfield>
    <subfield code="g">1</subfield>
    <subfield code="c">320508</subfield>
    <subfield code="d">320508</subfield>
  </datafield>
  <datafield tag="952" ind1=" " ind2=" ">
    <subfield code="0">0</subfield>
    <subfield code="1">0</subfield>
    <subfield code="4">0</subfield>
    <subfield code="6">R_235R2433</subfield>
    <subfield code="7">1</subfield>
    <subfield code="a">ALBA</subfield>
    <subfield code="b">ALBA</subfield>
    <subfield code="d">2017-01-16</subfield>
    <subfield code="l">0</subfield>
    <subfield code="o">R235-R2433</subfield>
    <subfield code="r">2017-01-16 00:00:00</subfield>
    <subfield code="w">2017-01-16</subfield>
    <subfield code="y">CR</subfield>
    <subfield code="z">(data import: 16 gennaio 2017) - By Epidotti, Vaglietti. </subfield>
  </datafield>
</record>
